Silmarillion Chapters - Statistics

General Stats
  • This quiz has been taken 10 times
  • The average score is 7 of 28
Answer Stats
Hint Answer % Correct
19 Of Beren and Luthien
71%
Ainulindale
57%
12 Of Men
57%
21 Of Turin Turambar
57%
2 Of Aule and Yavanna
43%
16 Of Maeglin
43%
9 Of the Flight of the Noldor
43%
Of the Rings of Power and the Third Age
43%
4 Of Thingol and Melian
43%
23 Of Tuor and the Fall of Gondolin
43%
Valaquenta
43%
Akallabeth
29%
14 Of Beleriand and Its Realms
29%
1 Of the Beginning of Days
29%
8 Of the Darkening of Valinor
29%
17 Of the Coming of Men into the West
14%
20 Of the Fifth Battle: Nirnaeth Arnoediad
14%
10 Of the Sindar
14%
5 Of Eldamar and the Princes of the Eldalie
0%
6 Of Feanor and the Unchaining of Melkor
0%
3 Of the Coming of the Elves and the Captivity of Melkor
0%
15 Of the Noldor in Beleriand
0%
13 Of the Return of the Noldor
0%
18 Of the Ruin of Beleriand and the Fall of Fingolfin
0%
22 Of the Ruin of Doriath
0%
7 Of the Silmarils and the Unrest of the Noldor
0%
11 Of the Sun and Moon and the Hiding of Valinor
0%
24 Of the Voyage of Earendil and the War of Wrath
0%
No matching quizzes found
Score Distribution
Percent of People with Each Score
Percentile by Number Answered
Your Score History
You have not taken this quiz